LEADER 00965nam a2200229 i 4500 001 000000216522 003 CaOOAMICUS 005 20121025000000.0 008 121025s1938 it u000 u ita u 013 $a195416 040 $aSeMil$bita 100 1 $aViolini, Cesare.$0(OLS)http://semarc/name/12174 245 10$aGaleazzo Maria Sforza :$bquinto duca di Milano /$cCesare Violini. 260 $aMilano :$bLa Prora,$c1938. 300 $aX, 283 p., [10] c. di tav. :$bill. ;$c23 cm. 490 0 $aCollana storica de La Prora 600 14$aSforza, Gian Galeazzo Maria <1469-1494>.$0(OLS)http://semarc/subject/22419 830 0$aCollana storica de La Prora.$0(OLS)http://semarc/title/37365 850 $aSeMil 852 $aSeMil$W1$xVenegono$y1$m3O II 150$j166940$B166940$CSeMilBibl$Z2$F177767 $81 996 $6245$aGaleazzo Maria Sforza :$bquinto duca di Milano$9(OLS)http://semarc/title/311287 996 $6260$aMilano :$bLa Prora$9(OLS)http://semarc/publisher/37359 LEADER 00518nab a2200169 i 4500 001 000000281591 003 CaOOAMICUS 005 20190211115148.0 008 140908n xx uu u0 0und r 013 $a34235 020 $a88-221-4036-2 040 $aSeMil$bita 245 10$aLuglio-Ottobre. 773 0 $t[2002].$d[Firenze] : La Nuova Italia, 2002.$w()126773 996 $6020$a88-221-4036-2$9(OLS)http://semarc/number/267947 996 $6245$aLuglio-Ottobre$9(OLS)http://semarc/title/421453